Handbook of semiconductor electronics : a pratical manual covering the physics, technology, and applications of transistors, diodes, and other semiconductor devices in conventional and intefrated circuits (Record no. 10704)
[ view plain ]
| 000 -LEADER | |
|---|---|
| fixed length control field | 00935 a2200277 4500 |
| 035 ## - SYSTEM CONTROL NUMBER | |
| System control number | 14050 |
| 100 ## - VEDETTE PRINCIPALE - NOM DE PERSONNE | |
| Personal name | HUNTER, LLoyd P. |
| 130 ## - VEDETTE PRINCIPALE - TITRE UNIFORME | |
| Language of a work | En. |
| 260 ## - PUBLICATION, DISTRIBUTION, ETC. (IMPRINT) | |
| Place of publication, distribution, etc | New York |
| 260 ## - PUBLICATION, DISTRIBUTION, ETC. (IMPRINT) | |
| Place of publication, distribution, etc | St Louis |
| 260 ## - PUBLICATION, DISTRIBUTION, ETC. (IMPRINT) | |
| Place of publication, distribution, etc | London [et al] |
| 260 ## - PUBLICATION, DISTRIBUTION, ETC. (IMPRINT) | |
| Name of publisher, distributor, etc | Mc Graw-hill book company |
| 245 ## - TITLE STATEMENT | |
| Title | Handbook of semiconductor electronics : a pratical manual covering the physics, technology, and applications of transistors, diodes, and other semiconductor devices in conventional and intefrated circuits |
| 260 ## - PUBLICATION, DISTRIBUTION, ETC. (IMPRINT) | |
| Date of publication, distribution, etc | c1970 |
| 250 ## - EDITION STATEMENT | |
| Edition statement | 3e éd |
| 300 ## - PHYSICAL DESCRIPTION | |
| Extent | [Paginaton multiple] |
| 300 ## - PHYSICAL DESCRIPTION | |
| Other physical details | fig.; 24 cm |
| 500 ## - GENERAL NOTE | |
| General note | Comprend des bibliographies à la fin de chaque chapitre etdes index auteur et sujet à la fin du vol. |
| 650 ## - SUBJECT ADDED ENTRY--TOPICAL TERM | |
| Topical term or geographic name as entry element | <Semiconducteur éléctronique> |
| 650 ## - SUBJECT ADDED ENTRY--TOPICAL TERM | |
| Topical term or geographic name as entry element | <Circuit intégré : combinaison> |
| Withdrawn status | Lost status | Damaged status | Not for loan | Location (home branch) | Sublocation or collection (holding branch) | Date acquired | Source of acquisition | Koha issues (times borrowed) | Koha full call number | Piece designation (barcode) | Koha date last seen | Price effective from | Koha item type |
|---|---|---|---|---|---|---|---|---|---|---|---|---|---|
| Bibliothèque Ecole Polytechnique d'Abomey-Calavi | Bibliothèque Ecole Polytechnique d'Abomey-Calavi | 27/02/2009 | EPAC | 621.38152/H945h | 21838EPAC | 27/02/2009 | 27/02/2009 | Livre |